Contested capital: Rural middle classes in India (Record no. 1225526)

MARC details
000 -LEADER
fixed length control field 00647nam a2200217Ia 4500
005 - DATE AND TIME OF LATEST TRANSACTION
control field 20241129104342.0
008 - FIXED-LENGTH DATA ELEMENTS--GENERAL INFORMATION
fixed length control field 241129s9999||||xx |||||||||||||| ||und||
020 ## - INTERNATIONAL STANDARD BOOK NUMBER
International Standard Book Number 9781108836333
037 ## - SOURCE OF ACQUISITION
Stock number Textual
040 ## - CATALOGING SOURCE
Original cataloging agency RTL
Language of cataloging eng
Transcribing agency RTL
041 ## - LANGUAGE CODE
Language code of text/sound track or separate title eng
Source of code eng
084 ## - COLON CLASSIFICATION NUMBER
Classification number Y53.2 R0
Assigning agency RTL
100 ## - MAIN ENTRY--PERSONAL NAME
Personal name Aslany Maryam
9 (RLIN) 476518
245 #0 - TITLE STATEMENT
Title Contested capital: Rural middle classes in India
Statement of responsibility, etc. Aslany Maryam
260 ## - PUBLICATION, DISTRIBUTION, ETC.
Place of publication, distribution, etc. UK
Name of publisher, distributor, etc. Cambridge University Press
Date of publication, distribution, etc. 2020
300 ## - PHYSICAL DESCRIPTION
Extent xxiii,299p.
365 ## - TRADE PRICE
Price type code INR
Price amount 995
650 ## - SUBJECT ADDED ENTRY--TOPICAL TERM
Topical term or geographic name entry element Economic Dynamics of Rural Middle Classes
9 (RLIN) 725958
942 ## - ADDED ENTRY ELEMENTS (KOHA)
Koha item type Textbook
Classification part Y53.2 R0
Holdings
Withdrawn status Lost status Damaged status Not for loan Home library Current library Date acquired Source of acquisition Cost, normal purchase price Inventory number Total Checkouts Full call number Barcode Date last seen Price effective from Koha item type
        Ratan Tata Library Ratan Tata Library 2024-11-29 Shivam Book Service 995.00 228 & 21/2/23   Y53.2 R0 RT1584991 2024-11-29 2024-11-29 Textbook
Copyright @ Delhi University Library System